000 00895nam a2200289 a 4500
001 65645
003 BD-RjUL
005 20211209081440.0
008 170309s1987 enk 001 0 eng d
020 _a0333362713 (pbk.) :
_c£3.95
035 _a(BD-RjUL) 65775
040 _aMH
_cMH
_dBD-RjUL
_beng
041 _aeng
082 _223
_a801.4
_bPEL 1987
100 1 _aPeck, John
_d1947-
_9194186
245 1 0 _aLiterary terms and criticism /
_cJohn Peck and Martin Coyle
260 _aLondon :
_bMacmillan,
_cc1984 [Reprinted 1987]
300 _ax, 177 p. ;
_c22 cm.
500 _aIncludes indexes.
650 0 _aCriticism
_xTerminology
_9194187
650 0 _aLiterature
_xTerminology
_9194188
650 0 _aEnglish language
_xTerms and phrases
_9194189
650 0 _aLiterary form
_xTerminology
_9194190
700 1 _aCoyle, Martin
_9194191
942 _2ddc
_cBK
999 _c65645
_d65645